000 00727nam a2200217Ia 4500
003 GCL
008 140319s9999 xx 000 0 ara d
040 _aGCL /
_cGCL
082 0 4 _a810.9036
_bا ا
100 1 _aاحمد محمد عطية
245 1 0 _aادب البحر /
_cاحمد محمد عطية
260 _a[S.N] :
_bدار المعارف ،
_c1993
300 _a214 ص
490 _aسلسلة مكتبة الدراسات الادبية
_v0
650 0 4 _aالادب العربى
650 0 4 _aالحضارة العربية الاسلامية - المعارف البحرية
650 0 4 _aالادب الشعبى
650 0 4 _aالاساطير
650 0 4 _aالرحلات فى الادب
942 _2ddc
_cBK
999 _c31498
_d31498